2層構造の地上駅・高架駅 - Statistics

General Stats
  • This quiz has been taken 319 times
  • The average score is 5 of 14
Answer Stats
Answer 上段 下段 % Correct
京急蒲田 京急本線(横浜方面)・空港線 京急本線(品川方面)・空港線
85%
青砥 京成本線(下り) 京成本線(上り)
59%
東京 中央線快速 山手線・京浜東北線(上野方面)
50%
布施 近鉄奈良線 近鉄大阪線
48%
太田川 名鉄河和線(金山方面) 名鉄常滑線・河和線(河和方面)
47%
北千住 日比谷線・東武スカイツリーライン(普通)・TX線 東武スカイツリーライン(優等種別)・JR線
34%
知立 名鉄名古屋本線(豊橋方面) 名鉄名古屋本線(金山方面)・三河線
33%
日暮里 京成本線(下り) 京成本線(上り)
26%
東鷲宮 JR宇都宮線(大宮方面) JR宇都宮線(宇都宮方面)
19%
敦賀 北陸新幹線 北陸本線(特急専用)
18%
幕張豊砂 京葉線(東京方面) 京葉線(蘇我方面)
18%
福山 山陽新幹線 山陽本線・福塩線
16%
今宮 大阪環状線(内回り) 大阪環状線(外回り)・関西本線
12%
新木場 京葉線 東京メトロ有楽町線・りんかい線
10%
No matching quizzes found
Score Distribution
Percent of People with Each Score
Percentile by Number Answered
Your Score History
You have not taken this quiz